| 000 | 00476nam a2200157Ia 4500 | ||
|---|---|---|---|
| 020 | _a0471422096(hb) | ||
| 082 |
_a691 _bHUN _cL-14, P-16 |
||
| 245 |
_aBuilding construction: _bmaterials and types of construction |
||
| 250 | _a3rd ed. | ||
| 260 |
_aNew York: _bJohn Wiley and Sons, _c1963 |
||
| 300 |
_a734p. :ill _bill. _c22cm |
||
| 526 |
_a0 _b0 _c0 _d691_000000000000000_HUN |
||
| 650 |
_aBuilding -- Hand-books- Manuals Etc. _945146 |
||
| 650 |
_aMCE _9379 |
||
| 942 |
_2ddc _cBK |
||
| 999 |
_c548908 _d548908 |
||